000
00309nam a2200133Ia 4500
008
190216s9999||||xx |||||||||||||| ||und||
100
_a
Landau. L & Kitaigorodsky. A
245
0
_a
Molecules
250
_a
4th Ed.
260
_b
Mir Publishers
_c
1986
300
_a
244
650
_a
Physics
942
_c
BK
999
_c
33118
_d
33118